| 000 | 00922cab a2200265 4500 | ||
|---|---|---|---|
| 001 | WB2826-29 | ||
| 008 | 090401t1992 xxu||||| |||| 00| 0 eng d | ||
| 035 | _a(Sirsi) u49512 | ||
| 041 | _aeng | ||
| 245 | _aRetailers urge property shake-up | ||
| 260 | _c1992 | ||
| 350 | _a0 | ||
| 490 |
_aFinancial Times _v2 July 1992, 10(1) |
||
| 520 | _aReports on a newly formed retailers` pressure group "Property Market Reform Group which aims to reform commercial property leasehold law and the Adam Smith Institute`s "Retail rents - fair and free market?" £35 calling for changes to existing rent review procedures. | ||
| 650 | _a25-YEAR LEASES | ||
| 650 | _aADAM SMITH INSTITUTE | ||
| 650 | _aLEASE REFORM | ||
| 650 | _aLEASES | ||
| 650 | _aPROPERTY MARKET REFORM GROUP | ||
| 650 | _aREFORM | ||
| 650 | _aRENT REVIEWS | ||
| 690 | _aLANDLORD AND TENANT-BUSINESS TENANCIES | ||
| 942 | _n0 | ||
| 948 | _c04/03/1997 | ||
| 999 |
_c30988 _d30988 |
||